Crisis y perspectivas del café latinoamericano /
محفوظ في:
| المؤلف الرئيسي: | |
|---|---|
| التنسيق: | غير معروف |
| منشور في: |
San José:
ICAFE. UNA
|
| الموضوعات: | |
| الوسوم: |
إضافة وسم
لا توجد وسوم, كن أول من يضع وسما على هذه التسجيلة!
|
MARC
| LEADER | 00000 a2200000 04500 | ||
|---|---|---|---|
| 001 | 19419 | ||
| 003 | |||
| 008 | 991231s d | ||
| 040 | |||
| 090 | |a 145907 | ||
| 100 | |a Samper Kutschbach, Mario | ||
| 245 | |a Crisis y perspectivas del café latinoamericano / |c Mario Samper Kutschbach | ||
| 260 | |a San José: |b ICAFE. UNA | ||
| 300 | |a 285 p. | ||
| 650 | |a CAFE | ||
| 650 | |a CULTIVOS INDUSTRIALES | ||
| 650 | |a AGROINDUSTRIA | ||
| 650 | |a INDUSTRIA ALIMENTARIA | ||
| 650 | |a CONSUMO | ||
| 650 | |a MERCADO | ||
| 650 | |a PEQUEÑOS AGRICULTORES | ||
| 999 | |c 9460 |d 9460 | ||
